000 00531nam a2200169 4500
001 122432
003 ES-MaACL
005 20251003063121.0
007 t|
008 070214s1968 sp r ||||1| spa d
100 0 _aPuchol Montis, Vicente,
_cObispo de Santander
_994119
245 1 0 _aTestimonio de la Iglesia y motivo de la fé
_b: (siglos XIV-XVI) /
_cVicente Puchol Montis.
260 _aMadrid :
_bMarova,
_c1968.
300 _a271 p. ;
_c21 cm.
852 _aES-MaACL
_jC-34668
_bR.66255
999 _c122432
_d122432